000
00299nam a22001217a 4500
040
_c
FIZZA ISHAQ
082
_a
624.1762
_b
STE
100
_a
KRAM, L STEVEN.
_9
85987
245
_a
GEOTECHNICAL EARTH QUAKE /
_c
STEVEN L KRAM.
260
_a
DEHLI :
_b
PEARSON,
_c
1996.
300
_a
653.
942
_2
ddc
_c
BK
999
_c
587203
_d
587203